Sant Vicents Ferrer a Casp i a Perpinya / (Record no. 97118)

MARC details
000 -LEADER
campo de control de longitud fija 00732nam a2200205 i 4500
001 - NÚMERO DE CONTROL
campo de control 97118
003 - IDENTIFICADOR DE NÚMERO DE CONTROL
campo de control ES-MaACL
005 - FECHA Y HORA DE LA ÚLTIMA TRANSACCIÓN
campo de control 20251001144814.0
007 - CAMPO FIJO DE DESCRIPCIÓN FÍSICA--INFORMACIÓN GENERAL
campo de control de longitud fija t|
008 - DATOS DE LONGITUD FIJA--INFORMACIÓN GENERAL
campo de control de longitud fija 050706s1962 sp ||||1| cat d
100 1# - ENTRADA PRINCIPAL--NOMBRE DE PERSONA
Nombre de persona Manyà, Joan B.
Numeración 1884-1976.
9 (RLIN) 76191
245 10 - MENCIÓN DEL TÍTULO
Título Sant Vicents Ferrer a Casp i a Perpinya /
Mención de responsabilidad, etc. por J. B. Manyà.
260 ## - PUBLICACIÓN, DISTRIBUCIÓN, ETC.
Lugar de publicación, distribución, etc. Tarragona :
Nombre del editor, distribuidor, etc. Diputación Provincial,
Fecha de publicación, distribución, etc. 1962.
300 ## - DESCRIPCIÓN FÍSICA
Extensión 78 p., 2 lám ;
Dimensiones 25 cm.
500 ## - NOTA GENERAL
Nota general Precede al tít.: Instituto de Estudios Tarraconenses "Ramón Berenguer IV"
600 04 - PUNTO DE ACCESO ADICIONAL DE MATERIA--NOMBRE DE PERSONA
Nombre de persona Vicente Ferrer,
Títulos y otros términos asociados al nombre Santo,
Fechas asociadas al nombre 1350-1419
9 (RLIN) 114355
710 2# - ENTRADA AGREGADA--NOMBRE DE ENTIDAD CORPORATIVA
Nombre de entidad corporativa o nombre de jurisdicción como elemento de entrada Instituto de Estudios Tarraconenses "Ramón Berenguer IV"
9 (RLIN) 4935
852 ## - LOCALIZACIÓN
Ubicación ES-MaACL
Número de control de estantería C-24767
Sublocalización o colección R.51409
Holdings
Estatus retirado Estado de pérdida Estado de daño No para préstamo Biblioteca de origen Biblioteca actual Ubicación en estantería Fecha de adquisición Fuente de adquisición Total de préstamos Signatura topográfica completa Código de barras Visto por última vez Precio de reemplazo Tipo de ítem Koha
        Biblioteca del Ateneo de Madrid Biblioteca del Ateneo de Madrid Depósito 2 17/01/2008     C-24767 1101392 23/02/2023 23/02/2023 Libro impreso